| 000 | 01088cab a2200229 4500 | ||
|---|---|---|---|
| 001 | ABS67576 | ||
| 008 | 040331n2004 000 0 eng u | ||
| 035 | _a(Sirsi) u125696 | ||
| 100 | _aXavier, G. | ||
| 245 | _aGlobal harmonisation - fact or fiction? | ||
| 260 | _c2004 | ||
| 490 |
_aConstruction Law Journal _v20(1) 2004, 3-18(16) |
||
| 520 | _aLooks at some of the most important issues governing the global harmonisation of construction contract laws. Discusses its need, especially as more countries are entering into cross-border transactions. Looks at European efforts to standardise these laws and the difficulties which have emerged. Finally considers the two main areas of contract law, good faith and liquidated and ascertained damages. Concludes they must be given priority when a global or regional uniform contract law is enacted. | ||
| 590 | _aABS | ||
| 650 | _aLIQUIDATED DAMAGES | ||
| 650 | _aASCERTAINED DAMAGES | ||
| 650 | _aGOOD FAITH | ||
| 650 | _aCONTRACT LAW | ||
| 650 | _aEUROPE | ||
| 690 | _aBUILT ENVIRONMENT-BUILDING CONTRACT FORMS | ||
| 942 | _n0 | ||
| 999 |
_c74336 _d74336 |
||